Word Ladder: Abbey Road Quiz Stats

Quiz Updated Jul 2, 2015

Challenge
Share
Tweet
Embed
Score 0/20 Timer 02:00
0 Plays Today
Clue 4-Letter Word % Correct
♪ ____ Comes the Sun ♪♪ HERE ♪
99.6%
♪ ____ Together ♪ ♪ COME ♪
97.1%
♪ She ____ in Through the Bathroom Window ♪ ♪ CAME ♪
96.8%
Ice-cream holderCONE
96.8%
Give someone a jobHIRE
96.7%
Chess, Charades or Pac-Man, e.g.GAME
96.5%
♪ You Never ____ Me Your Money ♪ ♪ GIVE ♪
96%
Contributed or donatedGAVE
95.9%
Sugar sourceCANE
93%
Winged Queen's residenceHIVE
91.6%
Clue 4-Letter Word % Correct
Carnivore's dietMEAT
91.3%
Out of shape or curvedBENT
76.7%
Milk sourceTEAT
75.9%
♪ I ____You (She's So Heavy) ♪♪ WANT ♪
75.6%
Exited or leftWENT
73.7%
Quitter's cryCAN'T
73.1%
Defeat or tiredBEAT
73%
♪ Carry ____ Weight ♪♪ THAT ♪
71.8%
♪ ____ Mr. Mustard ♪♪ MEAN ♪
64.5%
Cannellini, e.g.BEAN
58.1%

Today's Daily Dose

Missing Word
NPR Programs

Quick Pick
1991 Events

On This Day
June 18th II

You're not logged in!

Compare scores with friends on all Sporcle quizzes.
Join for Free
OR
Log In

You Might Also Like...

Show Comments

Extras

Top Quizzes Today


Score Distribution

Your Account Isn't Verified!

In order to create a playlist on Sporcle, you need to verify the email address you used during registration. Go to your Sporcle Settings to finish the process.

Report this User

Report this user for behavior that violates our Community Guidelines.

Details: